Introducing public administration / (Record no. 17612)
[ view plain ]
| 000 -LEADER | |
|---|---|
| fixed length control field | 01181nam a22003615a 4500 |
| 001 - CONTROL NUMBER | |
| control field | 016133894 |
| 003 - CONTROL NUMBER IDENTIFIER | |
| control field | OSt |
| 005 - DATE AND TIME OF LATEST TRANSACTION | |
| control field | 20150819143704.0 |
| 007 - PHYSICAL DESCRIPTION FIXED FIELD--GENERAL INFORMATION | |
| fixed length control field | ta |
| 008 - FIXED-LENGTH DATA ELEMENTS--GENERAL INFORMATION | |
| fixed length control field | 130311s2013 njua b 001 0 eng d |
| 010 ## - LIBRARY OF CONGRESS CONTROL NUMBER | |
| LC control number | 2011052954 |
| 020 ## - INTERNATIONAL STANDARD BOOK NUMBER | |
| International Standard Book Number | 0205922465 (pbk.) |
| 020 ## - INTERNATIONAL STANDARD BOOK NUMBER | |
| International Standard Book Number | 9780205922468 (pbk.) |
| 040 ## - CATALOGING SOURCE | |
| Original cataloging agency | EG-ScBUE |
| Language of cataloging | eng |
| Transcribing agency | EG-ScBUE |
| 082 04 - DEWEY DECIMAL CLASSIFICATION NUMBER | |
| Classification number | 351 |
| Item number | SHA |
| Edition number | 22 |
| 100 1# - MAIN ENTRY--PERSONAL NAME | |
| Personal name | Shafritz, Jay M. |
| 9 (RLIN) | 33951 |
| 245 10 - TITLE STATEMENT | |
| Title | Introducing public administration / |
| Statement of responsibility, etc | Jay M. Shafritz, E. W. Russell, Christopher P. Borick. |
| 250 ## - EDITION STATEMENT | |
| Edition statement | 8th ed, International ed. |
| 260 ## - PUBLICATION, DISTRIBUTION, ETC. (IMPRINT) | |
| Place of publication, distribution, etc | Upper Saddle River : |
| Name of publisher, distributor, etc | Pearson Education, |
| Date of publication, distribution, etc | 2013. |
| 300 ## - PHYSICAL DESCRIPTION | |
| Extent | xx, 572 p. : |
| Other physical details | ill. (some col.) ; |
| Dimensions | 24 cm. |
| 500 ## - GENERAL NOTE | |
| General note | Glossary : p. 545-552. |
| 500 ## - GENERAL NOTE | |
| General note | Appendix : p. 553-554. |
| 500 ## - GENERAL NOTE | |
| General note | Index : p. 555-572. |
| 504 ## - BIBLIOGRAPHY, ETC. NOTE | |
| Bibliography, etc | Includes bibliographical references. |
| 590 ## - LOCAL NOTE (RLIN) | |
| Local note | yassmeen ashraf |
| 650 #0 - SUBJECT ADDED ENTRY--TOPICAL TERM | |
| Topical term or geographic name as entry element | Public administration |
| Form subdivision | Textbooks. |
| 9 (RLIN) | 33952 |
| Source of heading or term | BUEsh |
| 651 ## - SUBJECT ADDED ENTRY--GEOGRAPHIC NAME | |
| Source of heading or term | BUEsh |
| 653 ## - INDEX TERM--UNCONTROLLED | |
| Resource For college | BAEPS, Business Administration |
| Arrived date list | August2015 |
| -- | November2013 |
| 690 7# - LOCAL SUBJECT ADDED ENTRY--TOPICAL TERM (OCLC, RLIN) | |
| Topical term or geographic name as entry element | Management and Business Studies |
| Source of heading or term | blcoll |
| 700 1# - ADDED ENTRY--PERSONAL NAME | |
| Personal name | Russell, E. W. |
| Fuller form of name | (Edward W.) |
| 9 (RLIN) | 33953 |
| 700 1# - ADDED ENTRY--PERSONAL NAME | |
| Personal name | Borick, Christopher P. |
| 9 (RLIN) | 33954 |
| 942 ## - ADDED ENTRY ELEMENTS (KOHA) | |
| Source of classification or shelving scheme | Dewey Decimal Classification |
| Item type | Book - Borrowing |
| Withdrawn status | Item status | Source of classification or shelving scheme | Damaged status | Not for loan | Vendor | Home library | Current library | Shelving location | Date acquired | Source of acquisition | Total Checkouts | Full call number | Barcode | Date last seen | Koha item type | Total Renewals | Date last borrowed | Materials specified (bound volume or other part) | Checked out |
|---|---|---|---|---|---|---|---|---|---|---|---|---|---|---|---|---|---|---|---|
| Dewey Decimal Classification | Baccah | Central Library | Central Library | First floor | 08/10/2013 | 351 SHA | 000029315 | 15/07/2025 | NB - Book (Non borrowing) | ||||||||||
| Dewey Decimal Classification | Baccah | Central Library | Central Library | First floor | 08/10/2013 | 11 | 351 SHA | 000029316 | 15/07/2025 | Book - Borrowing | 61 | 02/10/2019 | |||||||
| Dewey Decimal Classification | Baccah | Central Library | Central Library | First floor | 08/10/2013 | 13 | 351 SHA | 000029317 | 15/07/2025 | Book - Borrowing | 57 | 09/10/2019 | |||||||
| Dewey Decimal Classification | Baccah | Central Library | Central Library | First floor | 08/10/2013 | 8 | 351 SHA | 000029318 | 15/07/2025 | Book - Borrowing | 69 | 29/09/2019 | |||||||
| Lost | Dewey Decimal Classification | Baccah | Central Library | Central Library | First floor | 08/10/2013 | 351 SHA | 000029319 | 08/10/2013 | Book - Borrowing | Lost In Inventory_2015-8-23 | ||||||||
| Dewey Decimal Classification | Baccah | Central Library | Central Library | First floor | 08/10/2013 | 12 | 351 SHA | 000029330 | 15/07/2025 | Book - Borrowing | 46 | 12/09/2017 | |||||||
| Dewey Decimal Classification | Baccah | Central Library | Central Library | First floor | 08/10/2013 | 12 | 351 SHA | 000029331 | 15/07/2025 | Book - Borrowing | 25 | 10/01/2020 | |||||||
| Dewey Decimal Classification | Baccah | Central Library | Central Library | First floor | 08/10/2013 | 13 | 351 SHA | 000029332 | 15/07/2025 | Book - Borrowing | 54 | 24/09/2019 | |||||||
| Dewey Decimal Classification | Baccah | Central Library | Central Library | First floor | 08/10/2013 | 11 | 351 SHA | 000029333 | 14/08/2018 | Book - Borrowing | 75 | 14/08/2018 | 24/02/2022 | ||||||
| Lost & Replaced | Dewey Decimal Classification | Baccah | Central Library | Central Library | First floor | 02/11/2013 | Purchase | 2 | 351 SHA | 000029603 | 17/09/2015 | Book - Borrowing | 35 | 01/07/2015 | 000030933 | ||||
| Dewey Decimal Classification | Central Library | Central Library | First floor | 05/10/2015 | Purchase | 6 | 351 SHA | 000030933 | 15/07/2025 | Book - Borrowing | 20 | 13/10/2016 | 000029603 |